00687nam a2200217 a 450000500170000000800410001701000130005802000100007103500130008103700150009404000180010908200060012710000160013324500800014926000280022927000720025730000320032950000770036165000170043870000140045520090907113826.0060731s1999 nyua b 000 0 eng d aB-357073 c60.00 aB-357073 bDBAD / PUB adplbEnglish  aS aJohn, Mini  aAndersen's the nightingale /cretold by Mini John; illustrated by Raghu G.  aKeralabDC Books c2008 aDC Kizhakemuri Edam, Good Shepherd Street, KottayambKeralae686001 a29p.:c22cm(pbk) bcol. ill aSame ISBN 978-81-264-2188-6 in "Aesop's fables the master and his dogs" 2Fairy tales  aRaghu G.